Estatutos de la Federación Gimnástica Española
Descripción Física:
16 p. ; 15 cm
MARC
| LEADER | 00000nam a2200000Ia 4500 | ||
|---|---|---|---|
| 001 | 16502 | ||
| 003 | BGR | ||
| 005 | 20260324180147.0 | ||
| 008 | 160829s1898 xx 000 0 cat d | ||
| 080 | |a 2324, exp. 13 | ||
| 110 | 2 | |a Federación Gimnástica Española |9 70949 | |
| 245 | |a Estatutos de la Federación Gimnástica Española | ||
| 260 | |a Barcelona : |b (Imprenta y Litografía de José Cunill y Sala), |c 1898 | ||
| 300 | |a 16 p. ; |c 15 cm | ||
| 650 | |a Federación Gimnástica Española |x Estatuts |9 48167 | ||
| 901 | |a Arxiu | ||
| 942 | |n 1 |2 udc |c MON | ||
| 952 | |0 0 |1 0 |4 0 |6 2324_EXP_13 |7 1 |9 54359 |a Arxiu |b Arxiu |d 2016-12-01 |l 0 |o 2324, exp. 13 |p 16502 |r 2016-12-01 00:00:00 |w 2016-12-01 |y ARXIU | ||
| 999 | |c 58228 |d 58228 | ||